Central Library OPAC University of Rajshahi

The Brahuis of Quetta-Kalat region / (Record no. 31175)

MARC details
000 -LEADER
fixed length control field 00961nam a2200289 a 4500
001 - CONTROL NUMBER
control field 31175
003 - CONTROL NUMBER IDENTIFIER
rucl marc code BD-RjUL
005 - DATE AND TIME OF LATEST TRANSACTION
control field 20211209051653.0
008 - FIXED-LENGTH DATA ELEMENTS--GENERAL INFORMATION
fixed length control field 710907s1960 pk b 000 0 eng
035 ## - SYSTEM CONTROL NUMBER
System control number (BD-RjUL)31262
040 ## - CATALOGING SOURCE
Original cataloging agency DLC
Transcribing agency DLC
Modifying agency DLC
-- BD-RjUL
Language of cataloging eng
041 ## - LANGUAGE CODE
Language code of text/sound track or separate title eng
082 ## - DEWEY DECIMAL CLASSIFICATION NUMBER
Classification number 305.89483
Edition number 23
Author mark and year ROB 1960
100 1# - MAIN ENTRY--PERSONAL NAME
Personal name Rooman, Anwar,
Dates associated with a name 1924-
9 (RLIN) 226121
245 14 - TITLE STATEMENT
Title The Brahuis of Quetta-Kalat region /
Statement of responsibility, etc. by Anwar Rooman
260 ## - PUBLICATION, DISTRIBUTION, ETC. (IMPRINT)
Place of publication, distribution, etc. Karachi:
Name of publisher, distributor, etc. Pakistan Historical Society,
Date of publication, distribution, etc. 1960.
300 ## - PHYSICAL DESCRIPTION
Pagination [6], 64 p.
Size 25 cm.
350 ## - PRICE (NR) (BK AM CF MU VM SE) [OBSOLETE]
Price 2.00
490 1# - SERIES STATEMENT
Series statement Pakistan Historical Society. Publication ;
Volume/sequential designation no. 14
Series statement Pakistan Historical Society. Memoir ;
Volume/sequential designation no. 3
504 ## - BIBLIOGRAPHY, ETC. NOTE
Bibliography, etc Bibliography: p. 61-64.
650 #0 - SUBJECT ADDED ENTRY--TOPICAL TERM
Topical term or geographic name as entry element Brahui (Pakistani people)
9 (RLIN) 182310
830 #0 - SERIES ADDED ENTRY--UNIFORM TITLE
Uniform title Pakistan Historical Society publication ;
Volume number/sequential designation no. 14.
Uniform title Pakistan Historical Society. Memoir ;
Volume number/sequential designation no. 3
942 ## - ADDED ENTRY ELEMENTS (KOHA)
Source of classification or shelving scheme Dewey Decimal Classification
Koha item type Rare Books
Holdings
Lost status Source of classification or shelving scheme Damaged status Not for loan Collection code Permanent Location Current Location Shelving location Date acquired Source of acquisition Cost, normal purchase price Total Checkouts Full call number Date last seen Copy number Koha item type
  Dewey Decimal Classification   Not For Loan Rare Books Central Library, University of Rajshahi Central Library, University of Rajshahi Rare Book Section 17/12/2018 Pakistan Historical Society 2.00   RA 305.89483 ROB 1960 17/12/2018 C-1 Rare Books
  Dewey Decimal Classification   Not For Loan Rare Books Central Library, University of Rajshahi Central Library, University of Rajshahi Rare Book Section 19/09/1969 Pakistan Historical Society 2.00   RA 305.89483 ROB 1960 17/12/2018 C-2 Rare Books